000 02176nam a22002177a 4500
003 TH-BaNU
005 20230403122029.0
008 230403b2022 TH ||||| |||| 00| 0 tha d
020 _a9786162401923
040 _aTH-BaNU
100 _aกันติมา
245 _aกลรักสายลับเจ้าเสน่ห์
260 _aกรุงเทพฯ:
_bกรีนมายด์:
_c2565
300 _a432 หน้า
520 _aคุณหนูร้านทองผู้แสนเอาแต่ใจอย่าง "ธัญรดา" ต้อง มาสวมบทเป็นสายลับจำเป็น เพื่อช่วยเหลืองานราชการของน้าชาย ภารกิจลับของสาวพราวเสน่ห์จึงเริ่มต้นขึ้น ทว่าภารกิจลับครั้งนี้เกือบจะกลายเป็นภารกิจรักไปเสียแล้ว เมื่อหญิงสาวดันไปสะดุดรักกับ "ปวัตน์" หนุ่มลูกครึ่งอเมริกาไทย เจ้าของบริษัทส่งออกยักษ์ใหญ่จนถอนตัวไม่ขึ้น แต่จู่ๆ รักแรกของเธอก็ต้องมีอันสะดุดลง เมื่อเขาตกเป็นผู้ต้องสงสัยในคดีที่เธอกำลังตามสืบอยู่! ระหว่างภารกิจลับบนความถูกต้องกับภารกิจรักบนความถูกใจ สิ่งไหนกันแน่ที่หัวใจดวงนี้ต้องการ? ติดตามร่วมลุ้นไปพร้อมๆ กันได้ในเล่ม
650 _aวรรณกรรม
850 _aKCNL
856 _uhttps://se-ed.belibcloud.com/book-detail/18300
_yse-ed e-library
942 _2local
_cEBK
998 _cbee
999 _c37592
_d37592